| 000 | 00846nam a22002777a 4500 | ||
|---|---|---|---|
| 999 |
_c10939 _d10939 |
||
| 001 | 15550674 | ||
| 003 | EG-ScBUE | ||
| 005 | 20210509105652.0 | ||
| 008 | 081210s2005 enk f 000 1 eng d | ||
| 020 | _a9780007214716 | ||
| 040 |
_aDLC _beng _erda _cDLC _dEG-ScBUE |
||
| 082 | 0 | 4 |
_a869.3 _bCOE _222 |
| 100 | 1 |
_aCoelho, Paulo, _eauthor. |
|
| 245 | 1 | 2 |
_aBy the river piedra i sat down and wept / _cPaulo Coelho ; translated by Alan R. Clarke. |
| 264 | 1 |
_aLondon : _bHarper Collins Publishers, _c2005. |
|
| 300 |
_a192 pages ; _c18 cm |
||
| 336 |
_2rdacontent _atext _btxt |
||
| 337 |
_2rdamedia _aunmediated _bn |
||
| 338 |
_2rdacarrier _avolume _bnc |
||
| 650 | 7 |
_91830 _aPyrenees _vFiction. _2BUEsh |
|
| 651 | _2BUEsh | ||
| 653 |
_bHHUUEENN _cMay2021 |
||
| 655 |
_vReading book _934232 |
||
| 942 |
_2ddc _cBB |
||